Desarrollo humano en Chile rural, 2008: seis millones por nuevos caminos

Guardado en:
Detalles Bibliográficos
Autores Corporativos: PNUD (Autor), Programa de las Naciones Unidas para el Desarrollo (Autor)
Formato: Libro
Lenguaje:español
Publicado: Santiago PNUD 2008
Materias:
Etiquetas: Agregar Etiqueta
Sin Etiquetas, Sea el primero en etiquetar este registro!

MARC

LEADER 00000nam a2200000 a 4500
001 UCI9554
003 CL-VaPUC
008 081120e20080700CL |||||||||||||||||spa|d
020 |a 9789567469086 
082 0 4 |a 338.9  |b PNU  |2 21 
110 2 |a PNUD  |e author  |9 533384 
710 2 |a Programa de las Naciones Unidas para el Desarrollo  |e author  |9 533385 
245 1 0 |a Desarrollo humano en Chile rural, 2008: seis millones por nuevos caminos 
300 |a 249 p 
942 |c BK 
945 |d 20081120 00:00:00  |a jtorresc 
260 |a Santiago  |b PNUD  |c 2008 
650 0 |a Desarrollo humano  |9 349614 
650 0 |a Desarrollo económico y social   |9 256320 
650 0 |a Poder político  |9 255509 
650 7 |a PODER ECONOMICO  |2 CL-VaPUC  |9 338221 
583 |a last modification  |c 20081120 00:00:00  |k Rodrigo Vera 
999 |c 332071  |d 332069 
952 |0 0  |1 0  |4 0  |6 338_900000000000000_PNU_2008  |7 0  |8 A  |9 419440  |a BIBAGR  |b BIBAGR  |d 2019-11-22  |i 4499166  |o 338.9 PNU 2008  |p 4499166  |r 2025-01-20  |w 2019-11-22  |y BK  |k AGR 
952 |0 0  |1 0  |4 0  |6 338_900000000000000_PNU_2008  |7 0  |8 F  |9 419441  |a BIBGIM  |b BIBGIM  |d 2019-11-22  |i 4550811  |l 1  |o 338.9 PNU 2008  |p 4550811  |r 2025-01-15  |s 2023-08-22  |w 2019-11-22  |y BK_F  |k SSL